Desolación / (Record no. 186449)
[ view plain ]
| 000 -LEADER | |
|---|---|
| campo de control de longitud fija | 01018nam a2200301 i 4500 |
| 001 - NÚMERO DE CONTROL | |
| campo de control | 186449 |
| 003 - IDENTIFICADOR DE NÚMERO DE CONTROL | |
| campo de control | SpMaBN |
| 005 - FECHA Y HORA DE LA ÚLTIMA TRANSACCIÓN | |
| campo de control | 20260525062936.0 |
| 008 - DATOS DE LONGITUD FIJA--INFORMACIÓN GENERAL | |
| campo de control de longitud fija | 161114s1979 sp |||| | spa d |
| 017 ## - NÚMERO DE COPYRIGHT O DE DEPÓSITO LEGAL | |
| Número de copyright o de depósito legal | M 19803-1979 |
| Agencia que asigna | Oficina Depósito Legal Madrid |
| 020 ## - NÚMERO INTERNACIONAL ESTÁNDAR DEL LIBRO | |
| Número Internacional Estándar del Libro | 8423910024 |
| 040 ## - FUENTE DE CATALOGACIÓN | |
| Centro/agencia transcriptor | ES-MaACL |
| 080 ## - NÚMERO DE LA CLASIFICACIÓN DECIMAL UNIVERSAL | |
| Número de la Clasificación Decimal Universal | 821.134.2(83)-14"19" |
| 100 1# - ENTRADA PRINCIPAL--NOMBRE DE PERSONA | |
| Nombre de persona | Mistral, Gabriela, |
| Fechas asociadas al nombre | 1889-1957 |
| Término indicativo de función/relación | Autor |
| 9 (RLIN) | 242376 |
| 245 10 - MENCIÓN DEL TÍTULO | |
| Título | Desolación / |
| Mención de responsabilidad, etc. | Gabriela Mistral. |
| 250 ## - MENCION DE EDICION | |
| Mención de edición | Quinta edición |
| 260 ## - PUBLICACIÓN, DISTRIBUCIÓN, ETC. | |
| Lugar de publicación, distribución, etc. | Madrid : |
| Nombre del editor, distribuidor, etc. | Espasa-Calpe, |
| Fecha de publicación, distribución, etc. | 1979. |
| 300 ## - DESCRIPCIÓN FÍSICA | |
| Extensión | 231 páginas ; |
| Dimensiones | 18 cm. |
| 490 1# - MENCIÓN DE SERIE | |
| Mención de serie | Colección austral ; |
| Designación de volumen o secuencia | 1002 |
| 655 #7 - TERMINO DE INDIZACIÓN--GENERO/FORMA | |
| Fuente del término | tgfbne |
| 9 (RLIN) | 176539 |
| Datos o término principal de género/forma | Poesías |
| 655 #7 - TERMINO DE INDIZACIÓN--GENERO/FORMA | |
| Fuente del término | tgfbne |
| 9 (RLIN) | 226829 |
| Datos o término principal de género/forma | Cuentos |
| 655 #0 - TERMINO DE INDIZACIÓN--GENERO/FORMA | |
| 9 (RLIN) | 176540 |
| Datos o término principal de género/forma | Antologías |
| 830 1# - PUNTO DE ACCESO ADICIONAL DE SERIE-TÍTULO UNIFORME | |
| Título uniforme | Colección austral |
| Designación de volumen o secuencia | 1002 |
| 9 (RLIN) | 177655 |
| 852 ## - LOCALIZACIÓN | |
| Ubicación | ES-MaACL |
| Número de control de estantería | L-30803 |
| itemnumber | 193505 |
| Ubicación en estantería | Depósito 2 |
| Donativo/Legado | Donación: Miguel A. Velasco |
| Encuadernación | Encuadernación rústica |
| 942 ## - ELEMENTOS DE ENTRADA SECUNDARIOS (KOHA) | |
| Tipo de ítem Koha | Libro impreso |
| Suprimir en OPAC | No |
| 954 ## - CATALOGADOR -ALTA REGISTRO | |
| Estado de la copia | Helena Reinbold Alonso |
| Estatus retirado | Estado de pérdida | Estado de daño | No para préstamo | Biblioteca de origen | Biblioteca actual | Ubicación en estantería | Fecha de adquisición | Fuente de adquisición | Total de préstamos | Signatura topográfica completa | Código de barras | Visto por última vez | Precio de reemplazo | Tipo de ítem Koha |
|---|---|---|---|---|---|---|---|---|---|---|---|---|---|---|
| Biblioteca del Ateneo de Madrid | Biblioteca del Ateneo de Madrid | Depósito 2 | 14/11/2016 | L-30803 | 1196614 | 23/02/2023 | 23/02/2023 | Libro impreso |
